Common signs of mutilated and unfit currency: An awareness/ (Record no. 77826)
[ view plain ]
| 000 -LEADER | |
|---|---|
| fixed length control field | 02064nam a22002657a 4500 |
| 003 - CONTROL NUMBER IDENTIFIER | |
| control field | URS |
| 005 - DATE AND TIME OF LATEST TRANSACTION | |
| control field | 20240416181806.0 |
| 008 - FIXED-LENGTH DATA ELEMENTS--GENERAL INFORMATION | |
| fixed length control field | 240226b |||||||| |||| 00| 0 eng d |
| 050 00 - LIBRARY OF CONGRESS CALL NUMBER | |
| Classification number | LG 221.R59 c73738 |
| Item number | 2014 |
| 100 1# - MAIN ENTRY--PERSONAL NAME | |
| Personal name | Bajao, Lilibeth D. |
| Relator term | Researcher |
| 245 10 - TITLE STATEMENT | |
| Title | Common signs of mutilated and unfit currency: An awareness/ |
| Statement of responsibility, etc. | Lilibeth D. Bajao ; Krista Joan U. Banton [and] Sarah Jane V. Salas |
| 260 #1 - PUBLICATION, DISTRIBUTION, ETC. | |
| Date of publication, distribution, etc. | 2014 |
| 300 ## - PHYSICAL DESCRIPTION | |
| Extent | viii, 57 leaves |
| Other physical details | illustrations |
| Dimensions | 28 cm |
| 336 ## - CONTENT TYPE | |
| Source | rdacontent |
| Content type term | text |
| 337 ## - MEDIA TYPE | |
| Source | rdamedia |
| Media type term | unmediated |
| 338 ## - CARRIER TYPE | |
| Source | rdacarrier |
| Carrier type term | volume |
| 502 ## - DISSERTATION NOTE | |
| Dissertation note | Undergraduate Thesis |
| Degree type | Bachelor of Science in Business Administration Major in Financial Management |
| Name of granting institution | University of Rizal System Rodriguez, Rizal |
| Year degree granted | 2014 |
| 520 ## - SUMMARY, ETC. | |
| Summary, etc. | This study aimed to know the awareness of the respondents on the Common Signs of Mutilated and Unfit Currency. The subjects of the study were the different vendors along E. Rodriguez, 30 Vegetable Vendor, 18 Fruit Vendor, 16 Fish Vendor, 9 Meat Vendor, Shoe, Plastic, Rice Vendor and Processed Foods having a frequency of 4 or 4 percent. Lastly, School Supply, Cellphone Vendor and Grocery got the lowest frequency of 2 or 2 percent In this study, the researchers used the descriptive method using the survey technique with the questionnaire as the main tool. The obtained results from the study were tallied, computed and interpreted using appropriate statistical treatment like frequency and percentage distribution and ranking for the profile of the respondents. Weighted mean was utilized to determine the level of awareness mutilated and unfit currency. One way ANOVA was applied to know the significant difference on the Common Signs of Mutilated and Unfit Currency and the profile of the respondents. |
| 650 ## - SUBJECT ADDED ENTRY--TOPICAL TERM | |
| Source of heading or term | Undergraduate Thesis |
| 700 ## - ADDED ENTRY--PERSONAL NAME | |
| Personal name | Krista Joan U. Banton |
| Relator term | Researcher |
| 700 ## - ADDED ENTRY--PERSONAL NAME | |
| Personal name | Sarah Jane V. Salas |
| Relator term | Researcher |
| 700 ## - ADDED ENTRY--PERSONAL NAME | |
| Personal name | Olivia R. Cabarat, Mba |
| Relator term | Adviser |
| 856 ## - ELECTRONIC LOCATION AND ACCESS | |
| Materials specified | Online Request for Student Unpublished Works |
| Uniform Resource Identifier | <a href="https://forms.gle/7LqvGGkaDrUQqz429">https://forms.gle/7LqvGGkaDrUQqz429</a> |
| 942 ## - ADDED ENTRY ELEMENTS (KOHA) | |
| Source of classification or shelving scheme | Library of Congress Classification |
| Koha item type | Theses and dissertations |
No items available.